| 000 | 00640nam a2200205Ia 4500 | ||
|---|---|---|---|
| 005 | 20250508160533.0 | ||
| 008 | 008 250505s9999 xx 000 0 eng d | ||
| 037 | _aTextual | ||
| 040 |
_aFEDL _beng _cFEDL |
||
| 041 |
_aeng _2eng |
||
| 084 |
_a309.2, CUL _qFEDL |
||
| 100 |
_aCullingworth J. B. Ed. _9276763 |
||
| 245 | 0 | _aRegional and Urban studies: A social seicnce approach | |
| 260 |
_aLondon, UK _bGeorge Allen and Unwin Ltd _c1969 |
||
| 300 | _a282p | ||
| 490 | _aUniversity of glasgow social and economic studies | ||
| 700 |
_a Orr S. C. Ed. _9768736 |
||
| 942 |
_cTEXL _h309.2, CUL |
||
| 999 |
_c1365223 _d1365223 |
||